000 00879nam a2200289 a 4500
001 24983
003 CO-ViMGA
008 141112s2004 ck r 000 u spa d
020 _a9789588787015
040 _aCO-ViMGA
_bspa
_cCO-ViMGA
041 _aSPA
090 _aC MAC12
100 1 _aMacDonald, Amy
_937799
245 1 0 _aEl pequeño castor /
_cAmy MacDonald ; ilustracionres Sarah Fox - Davies ; traducción Cristina Giner
250 _a1a ed.
260 _aBogotá :
_bING ; Monserrate,
_c2012
300 _a24 p. : il. col. : il.
650 1 4 _aAMISTAD - CUENTO
_92349
650 1 4 _aCASTORES - CUENTO
_937800
650 1 4 _aDESDE LOS 6 AÑOS
_92351
650 1 4 _aSOLEDAD - CUENTO
_937801
650 1 4 _aSONIDO - CUENTO
_937802
650 1 4 _aVIAJES - CUENTO
_92523
700 1 _aFox - davies, Sarah
_937803
700 1 _aGiner, Cristina
_937804
942 _2ddc
_cBK
999 _c2586
_d2586